Bases del derecho de obligaciones / (Registro nro. 14015)

Detalles MARC
000 -LEADER
fixed length control field 01191nam a2200229Ia 4500
003 - CONTROL NUMBER IDENTIFIER
control field OSt
005 - DATE AND TIME OF LATEST TRANSACTION
control field 20221215113135.0
008 - FIXED-LENGTH DATA ELEMENTS--GENERAL INFORMATION
fixed length control field 210310s1978 ck fr 001 0 spa d
020 ## - INTERNATIONAL STANDARD BOOK NUMBER
International Standard Book Number 8482720414
040 ## - CATALOGING SOURCE
Original cataloging agency CO-JMCR
Transcribing agency CO-JMCR
041 0# - LANGUAGE CODE
Language code of text/sound track or separate title spa
082 04 - DEWEY DECIMAL CLASSIFICATION NUMBER
Edition number 23
Classification number 346.861022 /
Item number V422b
100 1# - MAIN ENTRY--PERSONAL NAME
Personal name Vega Vélez, Antonio de la,
9 (RLIN) 32513
Relator term autor
245 10 - TITLE STATEMENT
Title Bases del derecho de obligaciones /
Statement of responsibility, etc. Antonio de la Vega Vélez
250 ## - EDITION STATEMENT
Edition statement Tercera edición
Remainder of edition statement aumentada y corregida
260 ## - PUBLICATION, DISTRIBUTION, ETC.
Place of publication, distribution, etc. Bogotá :
Name of publisher, distributor, etc. Temis,
Date of publication, distribution, etc. 1978
300 ## - PHYSICAL DESCRIPTION
Extent 287 páginas ;
Dimensions 24 cm
500 ## - GENERAL NOTE
General note Incluye índices alfabéticos
505 0# - FORMATTED CONTENTS NOTE
Formatted contents note De la obligación en general -- Fuentes de las obligaciones -- Primera fuente de las obligaciones: el acto jurídico -- Segunda fuente de las obligaciones: la responsabilidad civil por delitos y culpas -- Tercera fuente de las obligaciones: el enriquecimiento sin causa -- Cuarta fuente de las obligaciones: la ley -- Efectos de las obligaciones -- Alteración en los efectos de las obligaciones -- Clasificación de las obligaciones -- Transmisión de las obligaciones -- Extinción de las obligaciones
650 14 - SUBJECT ADDED ENTRY--TOPICAL TERM
Topical term or geographic name entry element Obligaciones (Derecho civil)
9 (RLIN) 32515
942 ## - ADDED ENTRY ELEMENTS (KOHA)
Source of classification or shelving scheme Dewey Decimal Classification
Koha item type Books
Existencias
Withdrawn status Lost status Source of classification or shelving scheme Damaged status Not for loan Home library Current library Date acquired Full call number Barcode Date last seen Copy number Price effective from Koha item type
    Dewey Decimal Classification     Biblioteca Pública José María del Castillo y Rada Biblioteca Pública José María del Castillo y Rada 03/10/2021 346.861022 / V422b 201811612 05/16/2024 Ej.1 03/10/2021 Books